Country Capitals By Letter- S - Statistics

General Stats
  • This quiz has been taken 2,118 times
  • The average score is 12 of 18
Answer Stats
Capital % Correct
Stockholm
86%
Santiago
85%
San Marino
76%
Seoul
76%
Singapore
74%
San Salvador
73%
San Jose
70%
Sarajevo
70%
Santo Domingo
68%
Sana'a
65%
Suva
64%
Sao Tome
62%
Sofia
59%
St. John's
59%
Skopje
56%
St. George's
56%
Sucre
47%
Sri Jayawardenepura Kotte
30%
No matching quizzes found
Score Distribution
Percent of People with Each Score
Percentile by Number Answered
Your Score History
You have not taken this quiz